| 000 | 00398 a2200145 4500 | ||
|---|---|---|---|
| 005 | 20250626144446.0 | ||
| 020 | _a978-0-07-282788-0 | ||
| 082 | _a370.117 PAN | ||
| 100 | _aPANG, O. V | ||
| 245 | _aMulticultural Education: A Caring-Centered, Reflective Approach | ||
| 250 | _a2nd Ed. | ||
| 260 |
_aBoston _bMcGraw-Hill _c2005 |
||
| 300 |
_axxv, 451p.: ill.; pictures _bIndex _c24cm |
||
| 942 |
_2ddc _cBKS |
||
| 999 |
_c5407 _d5407 |
||